<?xml version="1.0" encoding="UTF-8"?>
<collection xmlns="http://www.loc.gov/MARC21/slim">
<record>
  <controlfield tag="001">161678</controlfield>
  <controlfield tag="005">20251017144643.0</controlfield>
  <datafield tag="024" ind1="7" ind2=" ">
    <subfield code="2">doi</subfield>
    <subfield code="a">10.3390/bs15060745</subfield>
  </datafield>
  <datafield tag="024" ind1="8" ind2=" ">
    <subfield code="2">sideral</subfield>
    <subfield code="a">144301</subfield>
  </datafield>
  <datafield tag="037" ind1=" " ind2=" ">
    <subfield code="a">ART-2025-144301</subfield>
  </datafield>
  <datafield tag="041" ind1=" " ind2=" ">
    <subfield code="a">eng</subfield>
  </datafield>
  <datafield tag="100" ind1=" " ind2=" ">
    <subfield code="a">Cebollero-Salinas, Ana</subfield>
    <subfield code="u">Universidad de Zaragoza</subfield>
    <subfield code="0">(orcid)0000-0003-2515-9029</subfield>
  </datafield>
  <datafield tag="245" ind1=" " ind2=" ">
    <subfield code="a">Phubbing Behaviour: A Bibliometric Analysis of Scientific Production</subfield>
  </datafield>
  <datafield tag="260" ind1=" " ind2=" ">
    <subfield code="c">2025</subfield>
  </datafield>
  <datafield tag="506" ind1="0" ind2=" ">
    <subfield code="a">Access copy available to the general public</subfield>
    <subfield code="f">Unrestricted</subfield>
  </datafield>
  <datafield tag="520" ind1="3" ind2=" ">
    <subfield code="a">Phubbing refers to the act of ignoring someone in a face-to-face conversation by paying more attention to a mobile phone. This practice, although common, has been identified as harmful and deserves to be considered a problem. As a result, it has captured the attention of the scientific community, with a significant increase in studies in recent years. However, there is a lack of bibliometric analyses examining existing research on this topic, which would be useful in guiding future studies. This article seeks to fill that gap by providing a detailed bibliometric analysis of phubbing. It analyses the entire production in the Web of Science database between 1985 and 2022 (199 articles and 82 keywords). The study employs citation, co-occurrence, and co-citation analysis techniques using scientific maps created with VOSviewer software. The results indicate that most research has focused on how phubbing affects romantic relationships, with less emphasis on other types of relationships such as family, work, or friends. Areas that require further research are identified, such as motivations for internet use, the tendency to compare oneself on social networks, impulsivity, and the influence of executive functions on phubbing. Further exploration of the relationship between phubbing and other disorders is also suggested. This analysis will serve as a guide and stimulus for future research, offering valuable resources for professionals in psychology, health, and education.</subfield>
  </datafield>
  <datafield tag="536" ind1=" " ind2=" ">
    <subfield code="9">info:eu-repo/grantAgreement/ES/AEI/PID2023-146084OB-I00</subfield>
    <subfield code="9">info:eu-repo/grantAgreement/ES/DGA/S38-23R</subfield>
    <subfield code="9">info:eu-repo/grantAgreement/ES/DGA/S57-23R</subfield>
    <subfield code="9">info:eu-repo/grantAgreement/ES/MICINN/PID2019-107822RB-I00</subfield>
    <subfield code="9">info:eu-repo/grantAgreement/ES/MICINN PID2022-136818NB-I00/AEI/10.13039/501100011033</subfield>
  </datafield>
  <datafield tag="540" ind1=" " ind2=" ">
    <subfield code="9">info:eu-repo/semantics/openAccess</subfield>
    <subfield code="a">by</subfield>
    <subfield code="u">https://creativecommons.org/licenses/by/4.0/deed.es</subfield>
  </datafield>
  <datafield tag="655" ind1=" " ind2="4">
    <subfield code="a">info:eu-repo/semantics/article</subfield>
    <subfield code="v">info:eu-repo/semantics/publishedVersion</subfield>
  </datafield>
  <datafield tag="700" ind1=" " ind2=" ">
    <subfield code="a">Gutiérrez-Nieto, Begoña</subfield>
    <subfield code="u">Universidad de Zaragoza</subfield>
    <subfield code="0">(orcid)0000-0003-3044-4983</subfield>
  </datafield>
  <datafield tag="700" ind1=" " ind2=" ">
    <subfield code="a">Cano-Escoriaza, Jacobo</subfield>
    <subfield code="u">Universidad de Zaragoza</subfield>
    <subfield code="0">(orcid)0000-0001-8422-9213</subfield>
  </datafield>
  <datafield tag="710" ind1="2" ind2=" ">
    <subfield code="1">4001</subfield>
    <subfield code="2">215</subfield>
    <subfield code="a">Universidad de Zaragoza</subfield>
    <subfield code="b">Dpto. Ciencias de la Educación</subfield>
    <subfield code="c">Área Didáctica y Organiz. Esc.</subfield>
  </datafield>
  <datafield tag="710" ind1="2" ind2=" ">
    <subfield code="1">4002</subfield>
    <subfield code="2">230</subfield>
    <subfield code="a">Universidad de Zaragoza</subfield>
    <subfield code="b">Dpto. Contabilidad y Finanzas</subfield>
    <subfield code="c">Área Economía Finan. y Contab.</subfield>
  </datafield>
  <datafield tag="773" ind1=" " ind2=" ">
    <subfield code="g">15, 6 (2025), 745 [23 pp.]</subfield>
    <subfield code="t">Behavioral Sciences</subfield>
    <subfield code="x">2076-328X</subfield>
  </datafield>
  <datafield tag="856" ind1="4" ind2=" ">
    <subfield code="s">3915423</subfield>
    <subfield code="u">http://zaguan.unizar.es/record/161678/files/texto_completo.pdf</subfield>
    <subfield code="y">Versión publicada</subfield>
  </datafield>
  <datafield tag="856" ind1="4" ind2=" ">
    <subfield code="s">2664913</subfield>
    <subfield code="u">http://zaguan.unizar.es/record/161678/files/texto_completo.jpg?subformat=icon</subfield>
    <subfield code="x">icon</subfield>
    <subfield code="y">Versión publicada</subfield>
  </datafield>
  <datafield tag="909" ind1="C" ind2="O">
    <subfield code="o">oai:zaguan.unizar.es:161678</subfield>
    <subfield code="p">articulos</subfield>
    <subfield code="p">driver</subfield>
  </datafield>
  <datafield tag="951" ind1=" " ind2=" ">
    <subfield code="a">2025-10-17-14:32:59</subfield>
  </datafield>
  <datafield tag="980" ind1=" " ind2=" ">
    <subfield code="a">ARTICLE</subfield>
  </datafield>
</record>
</collection>